Presidential Birth Years - Statistics

General Stats
  • This quiz has been taken 25 times
  • The average score is 43 of 47
Answer Stats
Hint Answer % Correct
George Washington 1732
100%
John Adams 1735
100%
Thomas Jefferson 1743
100%
James Madison 1751
100%
James Monroe 1758
100%
John Q. Adams 1767
100%
Andrew Jackson 1767
100%
William Henry Harrison 1773
100%
Martin Van Buren 1782
100%
John Tyler 1790
100%
Abraham Lincoln 1809
100%
James Buchanan 1791
94%
Franklin Pierce 1804
94%
Ulysses S. Grant 1822
94%
Rutherford B. Hayes 1822
94%
James Garfield 1831
94%
Woodrow Wilson 1856
94%
Dwight Eisenhower 1890
94%
Joe Biden 1942
94%
Bill Clinton 1946
94%
George W. Bush 1946
94%
Donald Trump 1946
94%
Donald Trump 1946
94%
Zachary Taylor 1784
88%
James Polk 1795
88%
Millard Fillmore 1800
88%
Andrew Johnson 1808
88%
Grover Cleveland 1837
88%
Grover Cleveland 1837
88%
William McKinley 1843
88%
Theodore Roosevelt 1858
88%
Warren G. Harding 1865
88%
Calvin Coolidge 1872
88%
Herbert Hoover 1874
88%
Franklin D. Roosevelt 1882
88%
Harry S Truman 1884
88%
Lyndon B. Johnson 1908
88%
Ronald Reagan 1911
88%
Richard Nixon 1913
88%
Gerald Ford 1913
88%
Barack Obama 1961
88%
Benjamin Harrison 1833
81%
William Howard Taft 1857
81%
John F. Kennedy 1917
81%
Jimmy Carter 1924
81%
George HW Bush 1924
81%
Chester Arthur 1829
75%
No matching quizzes found
Score Distribution
Percent of People with Each Score
Percentile by Number Answered
Your Score History
You have not taken this quiz